Refrigeration and Air Conditioning (Record no. 10650)
[ view plain ]
| 000 -LEADER | |
|---|---|
| fixed length control field | 00388nam a22001697a 4500 |
| 003 - CONTROL NUMBER IDENTIFIER | |
| control field | OSt |
| 008 - FIXED-LENGTH DATA ELEMENTS--GENERAL INFORMATION | |
| fixed length control field | 210520b ||||| |||| 00| 0 eng d |
| 020 ## - INTERNATIONAL STANDARD BOOK NUMBER | |
| International Standard Book Number | 9788122436945 |
| 082 ## - DEWEY DECIMAL CLASSIFICATION NUMBER | |
| Classification number | 621.57 |
| Item number | PRR |
| 100 ## - MAIN ENTRY--PERSONAL NAME | |
| Personal name | PRASAD,Manohar |
| 245 ## - TITLE STATEMENT | |
| Title | Refrigeration and Air Conditioning |
| 250 ## - EDITION STATEMENT | |
| Edition statement | 3rd |
| 260 ## - PUBLICATION, DISTRIBUTION, ETC. (IMPRINT) | |
| Place of publication, distribution, etc | New Delhi |
| Name of publisher, distributor, etc | New Age |
| Date of publication, distribution, etc | 2021 |
| 300 ## - PHYSICAL DESCRIPTION | |
| Extent | 559 |
| 650 ## - SUBJECT ADDED ENTRY--TOPICAL TERM | |
| Topical term or geographic name as entry element | ME |
| 942 ## - ADDED ENTRY ELEMENTS (KOHA) | |
| Source of classification or shelving scheme | Dewey Decimal Classification |
| Koha item type | Text Books |
| Withdrawn status | Lost status | Source of classification or shelving scheme | Damaged status | Not for loan | Collection code | Home library | Current library | Date acquired | Source of acquisition | Currency | Cost, normal purchase price | Bill Number | Total Checkouts | Full call number | Acc. no. / Barcode | Date last seen | Actual Cost, discounted price | Bill Date | Koha item type |
|---|---|---|---|---|---|---|---|---|---|---|---|---|---|---|---|---|---|---|---|
| Dewey Decimal Classification | B.Tech(ME) | PIET C-LIBRARY | PIET C-LIBRARY | 15/04/2021 | Kirti Praskshan | IN Rupees | 440.00 | IN2047 | 621.57 PRR | 32883 | 20/05/2021 | 308.00 | 15/04/2021 | Reference Books | |||||
| Dewey Decimal Classification | B.Tech(ME) | PIET C-LIBRARY | PIET C-LIBRARY | 15/04/2021 | Kirti Praskshan | IN Rupees | 440.00 | IN2047 | 621.57 PRR | 32884 | 20/05/2021 | 308.00 | 15/04/2021 | Text Books | |||||
| Dewey Decimal Classification | B.Tech(ME) | PIET C-LIBRARY | PIET C-LIBRARY | 15/04/2021 | Kirti Praskshan | IN Rupees | 440.00 | IN2047 | 621.57 PRR | 32885 | 20/05/2021 | 308.00 | 15/04/2021 | Text Books | |||||
| Dewey Decimal Classification | B.Tech(ME) | PIET C-LIBRARY | PIET C-LIBRARY | 15/04/2021 | Kirti Praskshan | IN Rupees | 440.00 | IN2047 | 621.57 PRR | 32886 | 20/05/2021 | 308.00 | 15/04/2021 | Text Books | |||||
| Dewey Decimal Classification | B.Tech(ME) | PIET C-LIBRARY | PIET C-LIBRARY | 15/04/2021 | Kirti Praskshan | IN Rupees | 440.00 | IN2047 | 621.57 PRR | 32887 | 20/05/2021 | 308.00 | 15/04/2021 | Text Books | |||||
| Dewey Decimal Classification | B.Tech(ME) | PIET C-LIBRARY | PIET C-LIBRARY | 15/04/2021 | Kirti Praskshan | IN Rupees | 440.00 | IN2047 | 621.57 PRR | 32888 | 20/05/2021 | 308.00 | 15/04/2021 | Text Books |